000 00911nam a22002897a 4500
001 BR7100671
003 BR-BrBNA
005 20230928083710.0
007 ta
008 230509b bl.||||| |||| 00| 0 por d
040 _aBR-BrBNA
_bpor
_cBiblioteca Nacional de Agricultura
041 _a(Por)
072 _aF50; K50
_b8915
_b/G514
090 _ 8915 BR7100671
110 1 _aInstituto de Pesquisas Tecnologicas, Sao Paulo, SP (Brasil)
_96224
245 1 _aFichas de caracteristicas das madeiras brasileiras. Serie: estado de Sao Paulo - SB/07. Grumixava Micropholis gardnerianum (A.C.)Piene Sapotaceae
260 3 _aSao Paulo, SP (Brasil):
_c1971.
300 _a5 p.
650 _aEstrutura vegetal
650 _aIndustria florestal
650 _aMadeira
650 _aAnatomia vegetal
650 _aAnalise quimica
650 _aSao Paulo
909 _a202309
_bLucia
_c55
_dLucia Elande
942 _cBK
999 _c14839
_d14839